ბათუმის შოთა რუსთაველის სახელმწიფო უნივერსიტეტის ბიბლიოთეკა

ქართული პროზა წ.20. არსენ მამულაშვილი (ბიბ.ჩანაწერი № 43726)

000 -LEADER
fixed length control field 01094nam a2200229Ia 4500
001 - CONTROL NUMBER
control field 10467
003 - CONTROL NUMBER IDENTIFIER
control field GE_BSU
008 - FIXED-LENGTH DATA ELEMENTS--GENERAL INFORMATION
fixed length control field 181216s||||||||xx |||||||||||||| ||und||
020 ## - INTERNATIONAL STANDARD BOOK NUMBER
International Standard Book Number 9789992895269
040 ## - CATALOGING SOURCE
Transcribing agency GE_BSU
080 ## - UNIVERSAL DECIMAL CLASSIFICATION NUMBER
Universal Decimal Classification number 821.353.1–3+821.353.1–32
245 ## - TITLE STATEMENT
Title ქართული პროზა წ.20. არსენ მამულაშვილი
245 ## - TITLE STATEMENT
Remainder of title არსენ მამულაიშვილი (ლალიონი), იაკობ ცინცაძე (ია ეკალაძე), იოსებ იმედაშვილი, კონდრატე თათარაშვილი (უიარაღო), სიმონ ქვარიანი
245 ## - TITLE STATEMENT
Statement of responsibility, etc. გვერდწითელი, გ. (შემდგ.); აბაშიძე, გრ. (რედ.);
260 ## - PUBLICATION, DISTRIBUTION, ETC.
Place of publication, distribution, etc. თბილისი
260 ## - PUBLICATION, DISTRIBUTION, ETC.
Name of publisher, distributor, etc. საქართველო
260 ## - PUBLICATION, DISTRIBUTION, ETC.
Date of publication, distribution, etc. 1991
300 ## - PHYSICAL DESCRIPTION
Extent 511გვ.20სმ
653 ## - INDEX TERM--UNCONTROLLED
Uncontrolled term არსენ მამულაშვილი
653 ## - INDEX TERM--UNCONTROLLED
Uncontrolled term ქართული პროზა
942 ## - ADDED ENTRY ELEMENTS (KOHA)
Koha item type წიგნი
ეგზემპლარები
Withdrawn status Lost status Damaged status Not for loan Date acquired Barcode Date last seen Price effective from Koha item type
        2018-12-17 34220 2018-12-17 2018-12-17 წიგნი
        2018-12-17 34221 2018-12-17 2018-12-17 წიგნი